University Home | Library Home | Institutional Repository

Random signals and systems / (Record no. 135872)

MARC details
000 -LEADER
fixed length control field 00899cam5a220028900 4500
001 - CONTROL NUMBER
control field mtr01997909
005 - DATE AND TIME OF LATEST TRANSACTION
control field 20190822123036.0
008 - FIXED-LENGTH DATA ELEMENTS--GENERAL INFORMATION
fixed length control field 860724s1987 nyua b 001 0 eng
010 ## - LIBRARY OF CONGRESS CONTROL NUMBER
LC control number 86019007
020 ## - INTERNATIONAL STANDARD BOOK NUMBER
International Standard Book Number 0471843644
035 ## - SYSTEM CONTROL NUMBER
System control number (Sirsi) r95882
035 ## - SYSTEM CONTROL NUMBER
System control number (UPRA)mtr01997909
040 ## - CATALOGING SOURCE
Modifying agency UPRA
050 0# - LIBRARY OF CONGRESS CALL NUMBER
Classification number TK5102.5
Item number .M68 1987
082 0# - DEWEY DECIMAL CLASSIFICATION NUMBER
Classification number 621.38/043
Edition number 19
100 1# - MAIN ENTRY--PERSONAL NAME
Personal name Mortensen, Richard E.
Linkage A54551.1
245 10 - TITLE STATEMENT
Title Random signals and systems /
Statement of responsibility, etc. Richard E. Mortensen.
260 ## - PUBLICATION, DISTRIBUTION, ETC.
Place of publication, distribution, etc. New York :
Name of publisher, distributor, etc. Wiley,
Date of publication, distribution, etc. c1987.
500 ## - GENERAL NOTE
General note "A Wiley-Interscience publication."
500 ## - GENERAL NOTE
General note Includes index.
504 ## - BIBLIOGRAPHY, ETC. NOTE
Bibliography, etc. note Bibliography: p. 227-228.
650 #0 - SUBJECT ADDED ENTRY--TOPICAL TERM
Topical term or geographic name entry element Signal theory (Telecommunication)
Linkage S14200.1
650 #0 - SUBJECT ADDED ENTRY--TOPICAL TERM
Topical term or geographic name entry element Stochastic processes.
Linkage S3002.1
650 #0 - SUBJECT ADDED ENTRY--TOPICAL TERM
Topical term or geographic name entry element Random variables.
Linkage S42381.1
949 ## - LOCAL PROCESSING INFORMATION (OCLC)
a TK5102.5
w lcc
i 33729000296231
m MAIN
p 2500
t BOOK
l ON-SHELF

No items available.

© 2026 - The University of Zambia Library - Koha v25.11